00469 2200181 4500001002100000005001500021035002000036007000300056008004100059020002200100082001000122084001600132100001500148245004300163250000900206260003700215300003500252INLIS00000000000024620191028101400 a0010-1019000031ta191028 0 ind  a978-979-053-116-1 a652.5 a652.5 SUM t0 aSumaryanto1 aTERAMPIL MENULIS LAPORAN /cSumaryanto aed.1 aJakarta :bCV. Pamularsih,c2009 aiii + 52 hlm. ;c25 x 17.5 cm.